00729nam a2200205Ia 4500008004100000100002400041245006600065245007700131260003900208260000900247300002900256440004300285650003400328650000900362650000900371650001800380856003400398999001900432952007200451190511s9999 xx 000 0 und d aSheffield, Julia M. aRapid instruction-based task learning (RITL) in schizophrenia cJulia M. Sheffield, Hannes Ruge, Sridhar Kandala, and Deanna M. Barch.-- bAmerican Psychological Association c2018 aPages 513-528, July 2018 aJournal of Abnormal Psychologyv127(5) aGeneralized cognitive deficit aLPFC aRITL aSchizophrenia uwww.apa.org/pubs/journals/abn c361847d361847 001040aCLbCLd2019-05-11l0r2019-05-11 00:00:00w2019-05-11ySE